Milana saṃgha. (Record no. 57968)

MARC details
000 -LEADER
fixed length control field 00531cam a22002291 4500
001 - CONTROL NUMBER
control field sa 64003486
003 - CONTROL NUMBER IDENTIFIER
control field DLC
005 - DATE AND TIME OF LATEST TRANSACTION
control field 20260227112018.0
008 - FIXED-LENGTH DATA ELEMENTS--GENERAL INFORMATION
fixed length control field 940517m19619999ii 000 1 beno
010 ## - LIBRARY OF CONGRESS CONTROL NUMBER
LC control number sa 64003486
025 ## - OVERSEAS ACQUISITION NUMBER
Overseas acquisition number PL480:EP-B-228
035 ## - SYSTEM CONTROL NUMBER
System control number (OCoLC)30451198
040 ## - CATALOGING SOURCE
Original cataloging agency DLC
Transcribing agency CU
Modifying agency CU
-- DLC
042 ## - AUTHENTICATION CODE
Authentication code premarc
050 00 - LIBRARY OF CONGRESS CALL NUMBER
Classification number PK1718.A15
Item number M5
100 0# - MAIN ENTRY--PERSONAL NAME
Personal name Abul Hasanat,
Dates associated with a name 1905-
245 10 - TITLE STATEMENT
Title Milana saṃgha.
260 ## - PUBLICATION, DISTRIBUTION, ETC.
Date of publication, distribution, etc. [1961-
300 ## - PHYSICAL DESCRIPTION
Extent v.
Dimensions 19 cm.
500 ## - GENERAL NOTE
General note In Bengali.
500 ## - GENERAL NOTE
General note A novel.

No items available.

Powered by Koha